Guide to World Crafts Council (Record no. 224236)
[ view plain ]
| 000 -LEADER | |
|---|---|
| fixed length control field | 00549nam a22001937a 4500 |
| 005 - DATE AND TIME OF LATEST TRANSACTION | |
| control field | 20220727162725.0 |
| 008 - FIXED-LENGTH DATA ELEMENTS--GENERAL INFORMATION | |
| fixed length control field | 220727b ||||| |||| 00| 0 eng d |
| 040 ## - CATALOGING SOURCE | |
| Transcribing agency | AL |
| 041 ## - LANGUAGE CODE | |
| Language code of text/sound track or separate title | English |
| 082 ## - DEWEY DECIMAL CLASSIFICATION NUMBER | |
| Edition number | 23 |
| Classification number | 706 |
| Item number | WCCG |
| 100 ## - MAIN ENTRY--PERSONAL NAME | |
| Personal name | WCC Secretariat |
| 100 ## - MAIN ENTRY--PERSONAL NAME | |
| 9 (RLIN) | 53649 |
| 245 ## - TITLE STATEMENT | |
| Title | Guide to World Crafts Council |
| 260 ## - PUBLICATION, DISTRIBUTION, ETC. | |
| Place of publication, distribution, etc. | New York |
| Name of publisher, distributor, etc. | World Craft Council Secretariat |
| 300 ## - PHYSICAL DESCRIPTION | |
| Extent | 45 p. |
| Other physical details | PB |
| Dimensions | 21x15 cm. |
| 650 ## - SUBJECT ADDED ENTRY--TOPICAL TERM | |
| Topical term or geographic name entry element | World Crafts Council |
| 9 (RLIN) | 53650 |
| 650 ## - SUBJECT ADDED ENTRY--TOPICAL TERM | |
| Topical term or geographic name entry element | Handicraft--Societies, etc |
| 9 (RLIN) | 53651 |
| 700 ## - ADDED ENTRY--PERSONAL NAME | |
| Personal name | WCC SECRETARIAT |
| 9 (RLIN) | 53652 |
| 942 ## - ADDED ENTRY ELEMENTS (KOHA) | |
| Source of classification or shelving scheme | Dewey Decimal Classification |
| Koha item type | George Fernandes Collections |
| Withdrawn status | Lost status | Source of classification or shelving scheme | Damaged status | Not for loan | Collection code | Home library | Current library | Date acquired | Total Checkouts | Full call number | Barcode | Date last seen | Price effective from | Koha item type |
|---|---|---|---|---|---|---|---|---|---|---|---|---|---|---|
| Dewey Decimal Classification | Others | St Aloysius Library | St Aloysius Library | 03/23/2013 | 706 WCCG | GF01718 | 07/27/2022 | 07/27/2022 | George Fernandes Collections |